000 00328nam a22001457a 4500
008 210607b ||||| |||| 00| 0 eng d
020 _a9780070985339
041 _aeng
080 _24th
_a004
082 _a004
100 _a28
101 _aSHKI
245 _aManagement Information Systems
_cStephen Haag
942 _2udc
_cBK
999 _c58052
_d58052